000 00477nam a22001937a 4500
003 MPLRDC
005 20220104114658.0
008 210129b ||||| |||| 00| 0 eng d
020 _a957-560-129-7
082 _a225.5 SYFS
100 _a林清玄编著
245 _a圣严法师法鼓集
_c
250 _a初版
260 _a台湾
_b九歌出版社
_c1991
300 _b245
490 _a九歌丛刊;21
650 _a佛教教化法, 教育
942 _cBK
_o225.5 SYFS
999 _c9371
_d9361